000 00484pab a2200157 454500
008 180718b2005 xxu||||| |||| 00| 0 eng d
100 _aRobert, Alasdair S.
245 _aSpin control and freedom of information: lessons for the United Kingdom from Canada
260 _c2005
300 _ap.1-23.
650 _aRight to information - Canada
650 _aRight to information - Great Britain
650 _aRight to information
773 _aPublic Administration
909 _a66122
999 _c66122
_d66122